| 000 | 00663 a2200193 4500 | ||
|---|---|---|---|
| 020 | _a0533095956 | ||
| 020 | _a9780533095957 | ||
| 082 | 0 | 4 | _a954.91 |
| 090 |
_c2030 _d2030 |
||
| 100 | 1 | _aSyed, Abul Maali, Ph.D. | |
| 245 | 1 | 4 |
_aThe twin era of pakistan : _bdemocracy and dictatorship / _cAbul Maali, Ph.D. Syed. |
| 250 | _a1st ed. | ||
| 260 |
_a[S.l.] : _bVantage Press, _c1992. |
||
| 300 |
_a399 p. ; _c25 cm. |
||
| 500 | _aHardcover. | ||
| 856 | 4 | 0 |
_3Amazon.com _uhttp://www.amazon.com/exec/obidos/ASIN/0533095956/chopaconline-20 |
| 856 | 4 | 0 |
_3Amazon customer reviews _uhttp://www.chopac.org/cgi-bin/tools/azrev.pl?q=0533095956 |
| 942 |
_aNBS _cBK _k954.91 SYE |
||
| 999 |
_c344533 _d344533 |
||